|
|
|
|
| LEADER |
01769cam a2200505 i 4500 |
| 001 |
nkc20071715175 |
| 003 |
CZ PrNK |
| 005 |
20201126060806.0 |
| 007 |
ta |
| 008 |
070321s2007 xr a e f 001 0 cze d |
| 015 |
|
|
|a cnb001715175
|
| 020 |
|
|
|a 978-80-7352-586-6
|q (vázáno)
|
| 040 |
|
|
|a KVG001
|b cze
|d BOA001
|e rda
|
| 041 |
1 |
|
|a cze
|h ger
|
| 072 |
|
7 |
|a 635
|x Zahrádkářství
|2 Konspekt
|9 24
|
| 080 |
|
|
|a 635.92.054
|2 MRF
|
| 080 |
|
|
|a 634.1/.8
|2 MRF
|
| 080 |
|
|
|a 631.542
|2 MRF
|
| 080 |
|
|
|a 631.542.32
|2 MRF
|
| 080 |
|
|
|a (035)
|2 MRF
|
| 100 |
1 |
|
|a Haas, Hansjörg
|7 xx0060098
|4 aut
|
| 240 |
1 |
0 |
|a Pflanzen schnitt.
|l Česky
|
| 245 |
1 |
0 |
|a Řez rostlin :
|b návody k řezu všech zahradních rostlin, základy praxe řezu, náměty pro zahradní úpravy /
|c Hansjörg Haas ; ilustrace Heidi Janiček
|
| 250 |
|
|
|a České vydání první
|
| 264 |
|
1 |
|a Praha :
|b Svojtka & Co.,
|c 2007
|
| 300 |
|
|
|a 164 stran :
|b barevné ilustrace ;
|c 27 cm
|
| 336 |
|
|
|a text
|b txt
|2 rdacontent
|
| 336 |
|
|
|a statický obraz
|b sti
|2 rdacontent
|
| 337 |
|
|
|a bez média
|b n
|2 rdamedia
|
| 338 |
|
|
|a svazek
|b nc
|2 rdacarrier
|
| 500 |
|
|
|a Z němčiny přeložil Michal Babor
|
| 500 |
|
|
|a Terminologický slovník
|
| 500 |
|
|
|a Obsahuje rejstřík
|
| 650 |
0 |
7 |
|a okrasné dřeviny
|7 ph115574
|2 czenas
|
| 650 |
0 |
7 |
|a ovocné dřeviny
|7 ph115632
|2 czenas
|
| 650 |
0 |
7 |
|a řez dřevin
|7 ph136746
|2 czenas
|
| 650 |
0 |
7 |
|a tvarování rostlin
|7 ph239942
|2 czenas
|
| 655 |
|
7 |
|a příručky
|7 fd133209
|2 czenas
|
| 700 |
1 |
|
|a Janiček, Heidi
|7 xx0095595
|4 ill
|
| 700 |
1 |
|
|a Babor, Michal
|7 xx0016517
|4 trl
|
| 910 |
2 |
|
|a BOA001
|b 3-1419.837
|
| 990 |
|
|
|a BK
|
| 995 |
|
|
|a 60
|
| 991 |
|
|
|b 202011
|
| 996 |
6 |
|
|b 2610769183
|c 3-1419.837
|l MZK
|r Sklad / do 1 hodiny
|n 0
|p dar
|w 001707198
|u 000010
|a 1
|e BOA001
|j MZK50
|s P
|